01989nam a2200325 a 450000100100000000500170001000800410002702000190006804000250008724501290011226000400024130000240028149000260030550501220033159000260045370000380047970000330051771000550055083000330060595201140063895201140075295201140086695201140098095201080109495201140120295201140131695201080143095201080153899900170164600004699320201002053253.0180410s2014 dr a r 000 0 spa d a97899451187964 aDO-SdBNPbspacBNPHU00aCiencias naturales 1 :beducación primaria /ctexto Ángela Segura de Óleo... [et. al] ; Ilustración Ruddy Núñez. aSanto Domingo :bSantillana,c2014. av. :bil. ;c28 cm.1 aProyecto todos juntos0 gv. 1.tLibro texto --gv. 2.tGuía didáctica recursos para el profesor --gv. 3.tCuaderno fichas de actividades. aInventariado, 2018/VM1 aSegura de Óleo, Ángela97487912aNúñez, Ruddyeil.9231712 aEdirial Santillana (República Dominicana)974880 0aProyecto todos juntos930856 0010718PDaGRbGRcHDd2018-04-11iLF1l0ov. 1, e. 3p46993-30r2020-06-25w2020-06-25yLFPDZNo se presta 0010718PDaGRbGRcHDd2018-12-17iLF1l0ov. 2, e. 3p46993-40r2020-06-25w2020-06-25yLFPDZNo se presta 0010718PDaGRbGRcHDd2018-12-17iLF1l0ov. 3, e. 3p46993-50r2020-06-25w2020-06-25yLFPDZNo se presta 0010718PDaPDbPDcHDd2018-04-11iLF1l0ov. 1, e. 2p46993-10r2020-06-25w2020-06-25yLFPDZNo se presta 0010718PDaPDbPDcHDd2018-04-11iLF1l0ov. 1p46993-20r2020-06-25w2020-06-25yLFPDZNo se presta 0010718PDaPDbPDcHDd2018-12-17iLF1l0ov. 2, e. 2p46993-60r2020-06-25w2020-06-25yLFPDZNo se presta 0010718PDaPDbPDcHDd2018-12-17iLF1l0ov. 3, e. 2p46993-70r2020-06-25w2020-06-25yLFPDZNo se presta 0010718PDaPDbPDcHDd2018-12-17iLF1l0ov. 2p46993-80r2020-06-25w2020-06-25yLFPDZNo se presta 0010718PDaPDbPDcHDd2018-12-17iLF1l0ov. 3p46993-90r2020-06-25w2020-06-25yLFPDZNo se presta c46481d46481